000 00519nam a2200217Ia 4500
003 OSt
005 20220918230508.0
006 a|||||r|||| 00| 0
007 ta
008 220917b |||||||| |||| 00| 0 eng d
024 _a254,882
037 _cTextual
040 _aARTS
_cARTS
_beng
041 _2eng
_aeng
082 _aW, K4
100 _aAgarwal N N
_9113296
245 0 _aPrinciples of political scoience
260 _c1964
942 _hW, K4
_cTEXL
_2CC
999 _c288222
_d288222